000
00295nam a2200109Ia 4500
008
170221s9999 xx 000 0 und d
245
_a
Table of Contents (page 1)
260
_c
2013
300
_a
2 : 2
650
_x
Business
856
_u
http://onlinelibrary.wiley.com/doi/10.1111/jbfa.12143/pdf
999
_c
311650
_d
311650